[Event "KEN-chT"]
[Site "Nairobi"]
[Date "2019.03.24"]
[Round "8.3"]
[White "Ombui, Paul"]
[Black "Kiugo, Francis Karugu"]
[Result "0-1"]
[WhiteElo "1592"]
[BlackElo "1411"]
[PlyCount "100"]
[EventDate "2019.02.09"]
[EventType "team-tourn"]
[EventRounds "27"]
[EventCountry "KEN"]
[SourceTitle "CBM 192 Extra"]
[Source "Chessbase"]
[SourceDate "2019.11.06"]
[SourceVersion "1"]
[SourceVersionDate "2019.11.06"]
[SourceQuality "1"]
[WhiteTeam "Mombasa CC"]
[BlackTeam "Kenyatta University"]
[WhiteTeamCountry "KEN"]
[BlackTeamCountry "KEN"]

1. e4 e6 2. Nf3 d5 3. exd5 exd5 4. d4 Nf6 5. Bg5 Be7 6. Be2 0-0 7. 0-0 c5 8. dxc5 Bxc5 9. Nc3 Be6 10. Bxf6 gxf6 11. Qd2 Kh8 12. Rfd1 Rg8 13. Nxd5 Bxd5 14. Qxd5 Qb6 15. Qxf7 Rf8 16. Qh5 Bxf2+ 17. Kf1 Be3 18. Bd3 Qc7 19. Re1 Bc5 20. Re6 Nc6 21. Qxc5 Rad8 22. Rae1 Qf4 23. R6e4 Qb8 24. Rh4 Rf7 25. Qf5 Qc7 26. Rh6 Rdf8 27. Nh4 Ne5 28. Rxe5 fxe5 29. Rxh7+ Kg8 30. Nf3 Rxh7 31. Qxh7+ Qxh7 32. Bxh7+ Kxh7 33. Ke2 Kg7 34. Ke3 Kf6 35. c4 a6 36. Ke4 Rd8 37. b4 b6 38. a4 Rd1 39. c5 bxc5 40. bxc5 Ke6 41. g4 Rc1 42. c6 Rc4+ 43. Ke3 Rxg4 44. a5 Rc4 45. Ng5+ Kd5 46. Nf3 Rxc6 47. Nd2 Rc5 48. h4 Rxa5 49. h5 Ra3+ 50. Ke2 Rh3 0-1